| 000 | 00654nam a22002297a 4500 | ||
|---|---|---|---|
| 999 |
_c20669 _d20669 |
||
| 003 | AR-CdUCM | ||
| 008 | 190423b ||||| |||| 00| 0 eng d | ||
| 020 | _a9788416117017 | ||
| 040 |
_aMUNICIPALIDAD PROVINCIAL DEL CUSCO _cBIBLIOTECA MUNICIPAL DEL CUSCO |
||
| 082 |
_aPI / 376.1 / _bL95 |
||
| 100 |
_aLujan, Jorge _934423 |
||
| 245 | _aNumeralia / | ||
| 260 |
_bFondo de cultura económica, _c2016.. |
||
| 300 |
_c28 cm _bFiguras, ilustraciones, |
||
| 440 |
_aLa orilla del viento _943214 |
||
| 505 | _aContenido : Poema. | ||
| 650 |
_aPoema _96104 |
||
| 650 |
_ainfantil _96210 |
||
| 700 |
_aIzol _943215 |
||
| 942 |
_2ddc _cLIBROS |
||
| 945 | _arcc | ||